000 00486nam a2200145 4500
999 _c728
_d728
008 191122b ||||| |||| 00| 0 eng d
082 0 0 _a623.8
_bW238
100 _9254
_aWalton, Thomas
245 1 0 _aSteel Ships, Their Construction and Maintenance: A Manual for Shipbuilders, Ship Superintendents, Students and Marine Engineers
_cby Thomas Walton
250 _a8th ed.
260 _aLondon
_bCharles Griffin
_c1944
300 _axi, 280 p.
650 0 _aNaval Architecture
942 _2ddc
_cBK